Coming to terms with indigenous governance institutions in the cordillera region: a preliminary look at the Kalinga experience (Record no. 77626)

000 -LEADER
fixed length control field 01304pab a2200169 454500
008 - FIXED-LENGTH DATA ELEMENTS--GENERAL INFORMATION
fixed length control field 180718b2004 xxu||||| |||| 00| 0 eng d
100 ## - MAIN ENTRY--PERSONAL NAME
Personal name Penalosa, Ma Carmen V.
245 ## - TITLE STATEMENT
Title Coming to terms with indigenous governance institutions in the cordillera region: a preliminary look at the Kalinga experience
260 ## - PUBLICATION, DISTRIBUTION, ETC.
Date of publication, distribution, etc. 2004
300 ## - PHYSICAL DESCRIPTION
Extent p.40-85.
362 ## - DATES OF PUBLICATION AND/OR SEQUENTIAL DESIGNATION
Dates of publication and/or sequential designation Apr
520 ## - SUMMARY, ETC.
Summary, etc. Centuries-old hostilities among the indigenous peoples of the Cordillera (which include the Kalingas) intensified in the 1970s with the entry of the national government intervention. At the center of the hostilities was the indigenous peoples' struggle for self-determination and self-governance. The study reveals that the Kaingas have different but highly desirable governance practices that existed way before the inception of the nation. Kalinga institutions are discussed and then evaluated based on themes of interest to public administration. Furthermore, the study examined the implications of the Kalinga system of governance to modern day administration of local and national affairs, particularly in relation to the desire of the indigenous peoples for self-governance. - Reproduced.
650 ## - SUBJECT ADDED ENTRY--TOPICAL TERM
Topical term or geographic name entry element Public administration
773 ## - HOST ITEM ENTRY
Main entry heading Philippine Journal of Public Administration
908 ## - PUT COMMAND PARAMETER (RLIN)
Put command parameter N
909 ## -
-- 77626
Holdings
Withdrawn status Lost status Damaged status Not for loan Permanent Location Current Location Date acquired Serial Enumeration / chronology Barcode Date last seen Price effective from Koha item type
        Indian Institute of Public Administration Indian Institute of Public Administration 2018-07-19 Volume no: 48, Issue no: 1-2 AR78086 2018-07-19 2018-07-19 Articles

Powered by Koha